[Event "DEM U18w 2022"]
[Site "Willingen GER"]
[Date "2022.06.07"]
[Round "4"]
[White "Sokyrko, Sofiia"]
[Black "Dartmann Aubanell, Catriona"]
[Result "0-1"]
[Termination "normal"]
[Board "9"]
[WhiteElo "1368"]
[BlackElo "1872"]
[WhiteClock "00:11:47"]
[BlackClock "00:01:59"]
[PlyCount "72"]
[WhiteFideId "34165711"]
[BlackFideId "24585270"]
[EventCountry "GER"]
[EventRounds "9"]
[EventType "swiss"]
[EventDate "2022.06.04"]

1. e4 {[%clk 1:30:59]} e6 {[%clk 1:30:53]} 2. Nf3 {[%clk 1:31:21]} d5 {[%clk
1:31:08]} 3. e5 {[%clk 1:31:44]} c5 {[%clk 1:31:08]} 4. b4 {[%clk 1:32:05]}
cxb4 {[%clk 1:31:08]} 5. d4 {[%clk 1:32:29]} Nc6 {[%clk 1:30:20]} 6. a3 {[%clk
1:32:44]} Bd7 {[%clk 1:26:17]} 7. axb4 {[%clk 1:32:56]} Bxb4+ {[%clk 1:26:23]}
8. c3 {[%clk 1:33:15]} Be7 {[%clk 1:25:54]} 9. Bd3 {[%clk 1:33:34]} a6 {[%clk
1:09:55]} 10. Na3 {[%clk 1:23:12]} b5 {[%clk 1:04:47]} 11. Nc2 {[%clk 1:14:57]}
Na5 {[%clk 0:56:33]} 12. Ne3 {[%clk 1:04:40]} Qb6 {[%clk 0:47:43]} 13. O-O
{[%clk 0:40:02]} Nh6 {[%clk 0:41:43]} 14. Ba3 {[%clk 0:37:59]} Bxa3 {[%clk
0:39:11]} 15. Rxa3 {[%clk 0:37:16]} Nc4 {[%clk 0:37:29]} 16. Ra1 {[%clk
0:35:39]} Rc8 {[%clk 0:35:51]} 17. Nxc4 {[%clk 0:32:05]} dxc4 {[%clk 0:35:54]}
18. Bc2 {[%clk 0:32:08]} a5 {[%clk 0:21:22]} 19. Ng5 {[%clk 0:27:36]} b4 {[%clk
0:18:48]} 20. Ne4 {[%clk 0:26:21]} O-O {[%clk 0:13:37]} 21. Nf6+ {[%clk
0:25:00]} gxf6 {[%clk 0:08:52]} 22. exf6 {[%clk 0:25:20]} Qd8 {[%clk 0:05:07]}
23. Qf3 {[%clk 0:25:23]} Kh8 {[%clk 0:03:44]} 24. Qf4 {[%clk 0:24:53]} Nf5
{[%clk 0:03:26]} 25. g4 {[%clk 0:24:22]} Rg8 {[%clk 0:03:52]} 26. Kh1 {[%clk
0:24:41]} Qxf6 {[%clk 0:02:12]} 27. gxf5 {[%clk 0:24:50]} b3 {[%clk 0:02:20]}
28. Bb1 {[%clk 0:24:23]} a4 {[%clk 0:02:19]} 29. Qd6 {[%clk 0:14:12]} Bc6+
{[%clk 0:01:48]} 30. f3 {[%clk 0:14:36]} Qg7 {[%clk 0:01:34]} 31. Qe5 Qxe5
{[%clk 0:02:00]} 32. dxe5 {[%clk 0:14:15]} Ra8 {[%clk 0:02:10]} 33. fxe6 {[%clk
0:14:20]} fxe6 {[%clk 0:02:32]} 34. Be4 {[%clk 0:13:36]} Bxe4 {[%clk 0:02:39]}
35. fxe4 {[%clk 0:14:00]} a3 {[%clk 0:02:48]} 36. Rfb1 {[%clk 0:11:47]} Rgd8
{[%clk 0:01:59]} 0-1

[Event "DEM U18w 2022"]
[Site "Willingen GER"]
[Date "2022.06.08"]
[Round "5"]
[White "Bardorz, Jana"]
[Black "Rudolph, Eva"]
[Result "1/2-1/2"]
[Termination "normal"]
[Board "1"]
[WhiteElo "1974"]
[BlackElo "1860"]
[WhiteClock "00:13:15"]
[BlackClock "00:06:47"]
[PlyCount "62"]
[WhiteFideId "16208897"]
[BlackFideId "16200594"]
[EventCountry "GER"]
[EventRounds "9"]
[EventType "swiss"]
[EventDate "2022.06.04"]

1. e4 {[%clk 1:30:57]} c5 {[%clk 1:30:56]} 2. Nf3 {[%clk 1:31:21]} e6 {[%clk
1:31:20]} 3. d4 {[%clk 1:31:46]} cxd4 {[%clk 1:31:46]} 4. Nxd4 {[%clk 1:32:09]}
a6 {[%clk 1:32:11]} 5. Bd3 {[%clk 1:32:25]} Nf6 {[%clk 1:32:33]} 6. O-O {[%clk
1:31:25]} Qc7 {[%clk 1:32:46]} 7. Qe2 {[%clk 1:31:36]} d6 {[%clk 1:32:50]} 8.
c4 {[%clk 1:31:16]} g6 {[%clk 1:33:06]} 9. Nc3 {[%clk 1:31:02]} Bg7 {[%clk
1:33:28]} 10. Be3 {[%clk 1:30:48]} O-O {[%clk 1:33:27]} 11. Rac1 {[%clk
1:30:21]} Nbd7 {[%clk 1:23:46]} 12. Rfd1 {[%clk 1:26:24]} b6 {[%clk 1:20:04]}
13. b4 {[%clk 1:22:40]} Ne5 {[%clk 1:09:46]} 14. f3 {[%clk 1:17:52]} Rd8 {[%clk
0:58:51]} 15. Nb3 {[%clk 1:16:17]} Bd7 {[%clk 0:53:55]} 16. Bf4 {[%clk
1:03:54]} Nh5 {[%clk 0:48:09]} 17. Bg5 {[%clk 1:03:36]} Rdc8 {[%clk 0:47:50]}
18. c5 {[%clk 0:55:38]} bxc5 {[%clk 0:30:42]} 19. bxc5 {[%clk 0:49:23]} dxc5
{[%clk 0:26:25]} 20. Bxa6 {[%clk 0:47:27]} Rcb8 {[%clk 0:17:46]} 21. Bc4 {[%clk
0:46:07]} Rb4 {[%clk 0:15:59]} 22. Bb5 {[%clk 0:36:10]} Bxb5 {[%clk 0:15:21]}
23. Nxb5 {[%clk 0:36:23]} Qb6 {[%clk 0:14:57]} 24. Nd6 {[%clk 0:32:52]} c4+
{[%clk 0:08:18]} 25. Be3 {[%clk 0:32:58]} Qa6 {[%clk 0:08:41]} 26. Nc5 {[%clk
0:22:54]} Qxa2 {[%clk 0:08:57]} 27. Qxa2 {[%clk 0:18:33]} Rxa2 {[%clk 0:09:24]}
28. Nxc4 {[%clk 0:16:55]} Ra8 {[%clk 0:06:43]} 29. Nxe5 {[%clk 0:15:45]} Bxe5
{[%clk 0:07:08]} 30. Nd3 {[%clk 0:14:33]} Bd4 {[%clk 0:06:26]} 31. Bxd4 {[%clk
0:13:15]} Rxd4 {[%clk 0:06:47]} 1/2-1/2

[Event "DEM U18w 2022"]
[Site "Willingen GER"]
[Date "2022.06.08"]
[Round "5"]
[White "Dartmann Aubanell, Catriona"]
[Black "Basovskiy, Jana"]
[Result "1-0"]
[Termination "normal"]
[Board "5"]
[WhiteElo "1872"]
[BlackElo "1938"]
[WhiteClock "00:10:17"]
[BlackClock "00:21:55"]
[PlyCount "119"]
[WhiteFideId "24585270"]
[BlackFideId "16208617"]
[EventCountry "GER"]
[EventRounds "9"]
[EventType "swiss"]
[EventDate "2022.06.04"]

1. e4 {[%clk 1:30:56]} c6 {[%clk 1:30:57]} 2. d4 {[%clk 1:31:13]} d5 {[%clk
1:31:24]} 3. exd5 {[%clk 1:31:30]} cxd5 {[%clk 1:31:49]} 4. Bd3 {[%clk
1:31:18]} Nc6 {[%clk 1:32:12]} 5. c3 {[%clk 1:31:15]} Qc7 {[%clk 1:32:35]} 6.
h3 {[%clk 1:25:45]} Nf6 {[%clk 1:29:36]} 7. Ne2 {[%clk 1:25:14]} g6 {[%clk
1:28:26]} 8. Bf4 {[%clk 1:23:05]} Qb6 {[%clk 1:22:47]} 9. Qc1 {[%clk 1:20:01]}
Bf5 {[%clk 1:20:29]} 10. Bxf5 {[%clk 1:18:23]} gxf5 {[%clk 1:20:53]} 11. Ng3
{[%clk 1:15:34]} e6 {[%clk 1:21:02]} 12. Nd2 {[%clk 1:12:08]} Be7 {[%clk
1:06:08]} 13. Nf3 {[%clk 1:07:21]} Rg8 {[%clk 1:05:41]} 14. O-O {[%clk
0:59:24]} Ne4 {[%clk 0:59:35]} 15. Rd1 {[%clk 0:44:25]} Na5 {[%clk 0:47:59]}
16. b3 {[%clk 0:35:32]} Rc8 {[%clk 0:47:19]} 17. Nxe4 {[%clk 0:35:02]} fxe4
{[%clk 0:41:22]} 18. Nd2 {[%clk 0:30:56]} Nc6 {[%clk 0:41:10]} 19. Qb2 {[%clk
0:25:39]} Qa6 {[%clk 0:34:18]} 20. Nf1 {[%clk 0:22:25]} Bf6 {[%clk 0:30:28]}
21. Ne3 {[%clk 0:20:57]} Qb6 {[%clk 0:28:15]} 22. Qe2 {[%clk 0:19:34]} Ne7
{[%clk 0:23:24]} 23. Rac1 {[%clk 0:16:11]} Ng6 {[%clk 0:22:51]} 24. Bg3 {[%clk
0:16:18]} Rd8 {[%clk 0:13:43]} 25. Qh5 {[%clk 0:14:55]} Qa6 {[%clk 0:09:28]}
26. Ng4 {[%clk 0:13:04]} Be7 {[%clk 0:09:43]} 27. Be5 {[%clk 0:12:27]} Nxe5
{[%clk 0:08:23]} 28. Nxe5 {[%clk 0:12:20]} Rg7 {[%clk 0:08:12]} 29. Rc2 {[%clk
0:05:38]} Qd6 {[%clk 0:04:43]} 30. Re2 {[%clk 0:03:42]} Rc8 {[%clk 0:02:59]}
31. Re3 {[%clk 0:03:47]} Bf6 {[%clk 0:03:07]} 32. Ng4 {[%clk 0:02:19]} Bd8
{[%clk 0:03:00]} 33. Rg3 {[%clk 0:02:17]} Qf8 {[%clk 0:02:57]} 34. c4 {[%clk
0:01:43]} dxc4 {[%clk 0:01:59]} 35. Qb5+ {[%clk 0:01:18]} Ke7 {[%clk 0:01:53]}
36. Qxb7+ {[%clk 0:01:18]} Rc7 {[%clk 0:02:13]} 37. Qxe4 {[%clk 0:00:54]} Rd7
{[%clk 0:01:09]} 38. Ne5 {[%clk 0:00:50]} Rd6 {[%clk 0:00:45]} 39. Qb7+ {[%clk
0:00:44]} Ke8 {[%clk 0:00:55]} 40. Qb5+ {[%clk 0:01:05]} Ke7 {[%clk 0:01:19]}
41. Nc6+ {[%clk 0:28:19]} Rxc6 {[%clk 0:28:33]} 42. Qxc6 {[%clk 0:26:46]} Rxg3
{[%clk 0:28:46]} 43. Qc5+ {[%clk 0:26:53]} Ke8 {[%clk 0:29:03]} 44. Qxf8+
{[%clk 0:26:45]} Kxf8 {[%clk 0:29:29]} 45. fxg3 {[%clk 0:27:10]} cxb3 {[%clk
0:29:52]} 46. axb3 {[%clk 0:27:37]} Bb6 {[%clk 0:30:14]} 47. Kf1 {[%clk
0:26:53]} Ke7 {[%clk 0:30:38]} 48. Ke2 {[%clk 0:26:57]} Kd6 {[%clk 0:30:55]}
49. Kd3 {[%clk 0:26:33]} Kd5 {[%clk 0:31:17]} 50. Kc3 {[%clk 0:25:29]} Ba5+
{[%clk 0:31:37]} 51. b4 {[%clk 0:25:24]} Bb6 {[%clk 0:31:45]} 52. g4 {[%clk
0:25:03]} f5 {[%clk 0:32:03]} 53. gxf5 {[%clk 0:24:49]} exf5 {[%clk 0:32:27]}
54. Rd3 {[%clk 0:14:04]} f4 {[%clk 0:32:20]} 55. Rd1 {[%clk 0:13:13]} h6 {[%clk
0:24:14]} 56. Rd3 {[%clk 0:11:27]} a5 {[%clk 0:21:39]} 57. b5 {[%clk 0:11:35]}
a4 {[%clk 0:21:37]} 58. Kb4 {[%clk 0:10:34]} Bxd4 {[%clk 0:21:49]} 59. Rxd4+
{[%clk 0:09:54]} Kxd4 {[%clk 0:21:55]} 60. b6 {[%clk 0:10:17]} 1-0

[Event "DEM U18w 2022"]
[Site "Willingen GER"]
[Date "2022.06.08"]
[Round "6"]
[White "Dietz, Kristin"]
[Black "Bardorz, Jana"]
[Result "0-1"]
[Termination "normal"]
[Board "1"]
[WhiteElo "1739"]
[BlackElo "1974"]
[WhiteClock "00:33:15"]
[BlackClock "00:27:04"]
[PlyCount "120"]
[WhiteFideId "12993743"]
[BlackFideId "16208897"]
[EventCountry "GER"]
[EventRounds "9"]
[EventType "swiss"]
[EventDate "2022.06.04"]

1. e4 {[%clk 1:30:58]} e5 {[%clk 1:30:55]} 2. Nf3 {[%clk 1:31:25]} Nc6 {[%clk
1:31:20]} 3. Bb5 {[%clk 1:31:51]} a6 {[%clk 1:31:44]} 4. Ba4 {[%clk 1:32:18]}
Nf6 {[%clk 1:32:08]} 5. d4 exd4 {[%clk 1:25:52]} 6. O-O {[%clk 1:32:44]} Be7
{[%clk 1:20:47]} 7. Re1 {[%clk 1:32:56]} O-O {[%clk 1:13:47]} 8. e5 {[%clk
1:32:26]} Nd5 {[%clk 1:09:56]} 9. c3 {[%clk 1:23:33]} Nb6 {[%clk 1:05:42]} 10.
cxd4 {[%clk 1:19:36]} Nxa4 {[%clk 1:00:22]} 11. Qxa4 {[%clk 1:19:33]} d6 {[%clk
0:55:16]} 12. Bf4 {[%clk 1:14:14]} dxe5 {[%clk 0:52:46]} 13. dxe5 {[%clk
1:14:25]} Bg4 {[%clk 0:45:44]} 14. Nbd2 {[%clk 1:09:20]} Qd3 {[%clk 0:41:10]}
15. Rad1 {[%clk 1:01:02]} Qg6 {[%clk 0:40:47]} 16. Bg3 {[%clk 0:50:40]} Rad8
{[%clk 0:38:58]} 17. h3 {[%clk 0:47:27]} Bf5 {[%clk 0:38:14]} 18. Nb3 {[%clk
0:38:18]} Bb4 {[%clk 0:32:58]} 19. Nbd4 {[%clk 0:30:44]} Bxe1 {[%clk 0:25:04]}
20. Nxc6 {[%clk 0:20:50]} Bxf2+ {[%clk 0:21:35]} 21. Kxf2 {[%clk 0:21:06]} Qxc6
{[%clk 0:21:12]} 22. Qxc6 {[%clk 0:21:01]} bxc6 {[%clk 0:21:33]} 23. Rc1 {[%clk
0:20:11]} Be4 {[%clk 0:21:04]} 24. Ke3 {[%clk 0:17:33]} Bd5 {[%clk 0:20:08]}
25. b3 {[%clk 0:15:59]} Rfe8 {[%clk 0:18:27]} 26. Rc2 {[%clk 0:14:18]} f6
{[%clk 0:15:45]} 27. Nd4 {[%clk 0:13:33]} fxe5 {[%clk 0:13:21]} 28. Nxc6 {[%clk
0:12:59]} Bxc6 {[%clk 0:13:01]} 29. Rxc6 {[%clk 0:13:25]} Rd6 {[%clk 0:10:33]}
30. Rxc7 {[%clk 0:13:03]} Rg6 {[%clk 0:10:37]} 31. Be1 {[%clk 0:11:57]} Rxg2
{[%clk 0:10:50]} 32. a4 {[%clk 0:12:09]} Rb2 {[%clk 0:10:01]} 33. Rb7 {[%clk
0:11:31]} Re6 {[%clk 0:07:15]} 34. h4 {[%clk 0:11:14]} h5 {[%clk 0:03:42]} 35.
b4 {[%clk 0:10:36]} Kh7 {[%clk 0:03:50]} 36. a5 {[%clk 0:06:52]} Kg6 {[%clk
0:03:45]} 37. Rb6 {[%clk 0:06:43]} Kf5 {[%clk 0:03:56]} 38. Kd3 {[%clk
0:05:39]} e4+ {[%clk 0:03:28]} 39. Kd4 {[%clk 0:04:27]} Rb1 {[%clk 0:03:12]}
40. Bc3 {[%clk 0:03:39]} e3 {[%clk 0:02:33]} 41. Rxe6 {[%clk 0:02:56]} Kxe6
{[%clk 0:02:46]} 42. Kxe3 {[%clk 0:03:12]} Kd5 {[%clk 0:26:36]} 43. Bxg7 {[%clk
0:31:49]} Rxb4 {[%clk 0:26:59]} 44. Bf6 {[%clk 0:32:11]} Ke6 {[%clk 0:27:02]}
45. Bg5 {[%clk 0:31:00]} Ra4 {[%clk 0:27:15]} 46. Bd8 {[%clk 0:31:15]} Kd7
{[%clk 0:27:11]} 47. Bb6 {[%clk 0:31:35]} Rxh4 {[%clk 0:27:29]} 48. Kf3 {[%clk
0:32:01]} Ra4 {[%clk 0:27:25]} 49. Kg3 {[%clk 0:32:15]} Ke6 {[%clk 0:27:49]}
50. Kh3 {[%clk 0:32:33]} Kf5 {[%clk 0:27:23]} 51. Bd8 {[%clk 0:32:45]} Rg4
{[%clk 0:24:33]} 52. Bc7 {[%clk 0:32:14]} Ke4 {[%clk 0:24:33]} 53. Bd8 {[%clk
0:32:14]} Kd5 {[%clk 0:24:56]} 54. Bb6 {[%clk 0:31:56]} Kc6 {[%clk 0:25:21]}
55. Bf2 {[%clk 0:32:15]} Kb5 {[%clk 0:25:32]} 56. Be1 {[%clk 0:32:36]} Ra4
{[%clk 0:25:55]} 57. Bd2 {[%clk 0:32:35]} Rxa5 {[%clk 0:26:10]} 58. Kh4 {[%clk
0:32:34]} Ra2 {[%clk 0:26:30]} 59. Bf4 {[%clk 0:32:54]} Ra4 {[%clk 0:26:48]}
60. Kg5 {[%clk 0:33:15]} Rxf4 {[%clk 0:27:04]} 0-1

[Event "DEM U18w 2022"]
[Site "Willingen GER"]
[Date "2022.06.08"]
[Round "6"]
[White "Orlova, Alicia"]
[Black "Dartmann Aubanell, Catriona"]
[Result "0-1"]
[Termination "normal"]
[Board "4"]
[WhiteElo "1723"]
[BlackElo "1872"]
[WhiteClock "00:06:02"]
[BlackClock "00:09:05"]
[PlyCount "110"]
[WhiteFideId "34154563"]
[BlackFideId "24585270"]
[EventCountry "GER"]
[EventRounds "9"]
[EventType "swiss"]
[EventDate "2022.06.04"]

1. e4 {[%clk 1:30:58]} e6 {[%clk 1:30:53]} 2. d4 {[%clk 1:31:16]} d5 {[%clk
1:31:12]} 3. Bd3 {[%clk 1:31:28]} dxe4 {[%clk 1:31:34]} 4. Bxe4 {[%clk
1:31:52]} Nf6 {[%clk 1:31:57]} 5. Bd3 {[%clk 1:30:15]} c5 {[%clk 1:29:47]} 6.
dxc5 {[%clk 1:30:07]} Bxc5 {[%clk 1:29:28]} 7. Nf3 {[%clk 1:29:13]} Nc6 {[%clk
1:27:02]} 8. O-O {[%clk 1:24:40]} O-O {[%clk 1:23:44]} 9. a3 {[%clk 1:23:20]}
e5 {[%clk 1:17:47]} 10. Nc3 {[%clk 1:21:48]} Bg4 {[%clk 1:13:55]} 11. h3 {[%clk
1:20:20]} Bh5 {[%clk 1:10:45]} 12. Bg5 {[%clk 1:09:10]} Be7 {[%clk 0:53:13]}
13. Be2 {[%clk 0:59:49]} Qb6 {[%clk 0:48:16]} 14. Be3 {[%clk 0:51:04]} Qd8
{[%clk 0:43:30]} 15. Nh4 {[%clk 0:44:06]} Bxe2 {[%clk 0:39:01]} 16. Nxe2 {[%clk
0:41:26]} Qc7 {[%clk 0:37:42]} 17. c3 {[%clk 0:37:55]} Rad8 {[%clk 0:34:36]}
18. Qc2 {[%clk 0:38:08]} Nd5 {[%clk 0:34:23]} 19. Nf5 {[%clk 0:38:06]} Nxe3
{[%clk 0:34:18]} 20. Nxe3 {[%clk 0:37:12]} Bg5 {[%clk 0:32:52]} 21. Kh1 {[%clk
0:31:04]} Qb6 {[%clk 0:26:04]} 22. Nd1 {[%clk 0:23:12]} Na5 {[%clk 0:18:22]}
23. Qf5 {[%clk 0:21:21]} Nb3 {[%clk 0:17:06]} 24. Qxg5 {[%clk 0:19:59]} Nxa1
{[%clk 0:17:22]} 25. Qxe5 {[%clk 0:20:07]} Rfe8 {[%clk 0:14:40]} 26. Qh5 {[%clk
0:20:19]} Nb3 {[%clk 0:12:59]} 27. Ne3 {[%clk 0:17:25]} Nd2 {[%clk 0:11:39]}
28. Re1 {[%clk 0:17:17]} Ne4 {[%clk 0:11:26]} 29. Nd4 {[%clk 0:16:18]} Nxf2+
{[%clk 0:10:21]} 30. Kg1 {[%clk 0:16:06]} Nd3 {[%clk 0:10:01]} 31. Rf1 {[%clk
0:15:28]} Qg6 {[%clk 0:09:46]} 32. Qf3 {[%clk 0:14:34]} Ne5 {[%clk 0:09:32]}
33. Qxb7 {[%clk 0:13:39]} Rd7 {[%clk 0:08:45]} 34. Qb3 {[%clk 0:09:30]} Nc6
{[%clk 0:07:33]} 35. Qb5 {[%clk 0:01:50]} Rc7 {[%clk 0:02:23]} 36. Nd5 {[%clk
0:01:13]} Rcc8 {[%clk 0:02:48]} 37. Qb7 {[%clk 0:00:43]} Kh8 {[%clk 0:00:56]}
38. Nc7 {[%clk 0:00:48]} Nxd4 {[%clk 0:00:45]} 39. Nxe8 {[%clk 0:00:34]} Ne2+
{[%clk 0:01:11]} 40. Kh1 {[%clk 0:00:50]} Rxe8 {[%clk 0:01:29]} 41. Rd1 {[%clk
0:24:12]} Nf4 {[%clk 0:21:29]} 42. Rd2 {[%clk 0:21:47]} Qg3 {[%clk 0:18:51]}
43. Qe7 {[%clk 0:19:55]} Qe1+ {[%clk 0:14:07]} 44. Qxe1 {[%clk 0:20:10]} Rxe1+
{[%clk 0:14:34]} 45. Kh2 {[%clk 0:20:29]} g5 {[%clk 0:14:00]} 46. Rd7 {[%clk
0:19:52]} Re2 {[%clk 0:12:49]} 47. Rxf7 {[%clk 0:18:15]} Rxg2+ {[%clk 0:12:47]}
48. Kh1 {[%clk 0:18:37]} Rxb2 {[%clk 0:13:04]} 49. h4 {[%clk 0:17:31]} h6
{[%clk 0:11:28]} 50. hxg5 {[%clk 0:15:47]} hxg5 {[%clk 0:11:57]} 51. Rxa7
{[%clk 0:15:25]} g4 {[%clk 0:10:10]} 52. Ra4 {[%clk 0:13:44]} Rf2 {[%clk
0:10:16]} 53. Rb4 {[%clk 0:05:56]} g3 {[%clk 0:10:05]} 54. Rb1 {[%clk 0:06:01]}
g2+ {[%clk 0:09:03]} 55. Kh2 {[%clk 0:06:02]} Rf1 {[%clk 0:09:05]} 0-1

[Event "DEM U18w 2022"]
[Site "Willingen GER"]
[Date "2022.06.08"]
[Round "6"]
[White "Yue, Qizhou"]
[Black "Wagner, Julia"]
[Result "1/2-1/2"]
[Termination "normal"]
[Board "7"]
[WhiteElo "1715"]
[BlackElo "1361"]
[WhiteClock "00:02:00"]
[BlackClock "00:02:44"]
[PlyCount "146"]
[WhiteFideId "16273800"]
[BlackFideId "16259351"]
[EventCountry "GER"]
[EventRounds "9"]
[EventType "swiss"]
[EventDate "2022.06.04"]

1. e4 {[%clk 1:30:58]} e5 {[%clk 1:30:55]} 2. Nf3 {[%clk 1:31:24]} Nc6 {[%clk
1:31:22]} 3. Nc3 {[%clk 1:31:47]} Nf6 {[%clk 1:31:47]} 4. Bb5 {[%clk 1:32:10]}
Bc5 {[%clk 1:30:51]} 5. O-O {[%clk 1:32:14]} d6 {[%clk 1:28:51]} 6. d3 {[%clk
1:23:30]} O-O {[%clk 1:27:03]} 7. Bg5 {[%clk 1:22:36]} Be6 {[%clk 1:18:52]} 8.
Ba4 {[%clk 1:15:04]} h6 {[%clk 1:10:57]} 9. Bh4 {[%clk 1:11:36]} Nd4 {[%clk
1:08:20]} 10. Nxd4 {[%clk 1:08:29]} Bxd4 {[%clk 1:08:31]} 11. Bb3 {[%clk
1:07:10]} c6 {[%clk 1:04:59]} 12. Re1 {[%clk 1:02:33]} g5 {[%clk 0:58:53]} 13.
Bg3 {[%clk 1:02:48]} Bg4 {[%clk 0:59:01]} 14. Qc1 {[%clk 1:00:55]} Nh5 {[%clk
0:58:02]} 15. Ne2 {[%clk 0:56:19]} Bxe2 {[%clk 0:54:17]} 16. Rxe2 {[%clk
0:56:41]} Nxg3 {[%clk 0:54:40]} 17. hxg3 {[%clk 0:57:03]} Kg7 {[%clk 0:54:39]}
18. c3 {[%clk 0:56:44]} Bb6 {[%clk 0:54:51]} 19. Qd2 {[%clk 0:54:37]} Qd7
{[%clk 0:52:28]} 20. d4 {[%clk 0:53:38]} Rad8 {[%clk 0:42:26]} 21. Rd1 {[%clk
0:50:12]} Qg4 {[%clk 0:41:01]} 22. Qd3 {[%clk 0:48:42]} h5 {[%clk 0:36:34]} 23.
Qf3 {[%clk 0:45:47]} Qxf3 {[%clk 0:34:17]} 24. gxf3 {[%clk 0:46:09]} exd4
{[%clk 0:33:51]} 25. cxd4 {[%clk 0:46:29]} Rh8 {[%clk 0:28:28]} 26. Kg2 {[%clk
0:25:43]} h4 {[%clk 0:25:13]} 27. d5 {[%clk 0:25:09]} Rh6 {[%clk 0:22:33]} 28.
Rh1 {[%clk 0:22:34]} Rdh8 {[%clk 0:21:05]} 29. Ba4 {[%clk 0:17:03]} h3+ {[%clk
0:16:50]} 30. Kh2 {[%clk 0:16:46]} cxd5 {[%clk 0:16:23]} 31. exd5 {[%clk
0:17:06]} Rf6 32. f4 {[%clk 0:14:35]} gxf4 {[%clk 0:16:42]} 33. gxf4 {[%clk
0:13:11]} Rxf4 {[%clk 0:17:05]} 34. Rg1+ {[%clk 0:12:54]} Kf6 {[%clk 0:16:44]}
35. Bd7 {[%clk 0:11:10]} Bd4 {[%clk 0:15:17]} 36. Rg4 {[%clk 0:08:33]} Be5
{[%clk 0:12:43]} 37. Rxf4+ {[%clk 0:08:08]} Bxf4+ {[%clk 0:13:07]} 38. Kh1
{[%clk 0:08:27]} h2 {[%clk 0:13:13]} 39. Re4 {[%clk 0:08:12]} Kg5 {[%clk
0:05:15]} 40. b3 {[%clk 0:06:19]} Rd8 {[%clk 0:01:41]} 41. Re7 {[%clk 0:29:01]}
Kf6 {[%clk 0:29:11]} 42. Re4 {[%clk 0:29:20]} Rxd7 {[%clk 0:29:14]} 43. Rxf4+
{[%clk 0:29:40]} Ke5 {[%clk 0:29:36]} 44. Ra4 {[%clk 0:27:24]} b6 {[%clk
0:26:14]} 45. Kxh2 {[%clk 0:26:35]} Kxd5 {[%clk 0:26:36]} 46. Kg3 {[%clk
0:26:01]} a5 {[%clk 0:20:48]} 47. Rc4 {[%clk 0:24:09]} Re7 {[%clk 0:20:06]} 48.
Kf3 {[%clk 0:23:04]} f5 {[%clk 0:19:15]} 49. Rf4 {[%clk 0:22:06]} Ke5 {[%clk
0:18:30]} 50. Ke3 {[%clk 0:20:09]} Rc7 {[%clk 0:18:29]} 51. Rh4 {[%clk
0:19:11]} b5 {[%clk 0:15:06]} 52. Kd3 {[%clk 0:18:51]} Rc5 {[%clk 0:13:23]} 53.
a3 {[%clk 0:17:56]} Rd5+ {[%clk 0:12:17]} 54. Kc3 {[%clk 0:14:44]} Rd1 {[%clk
0:11:42]} 55. a4 {[%clk 0:10:58]} bxa4 {[%clk 0:07:42]} 56. Rxa4 {[%clk
0:10:56]} Rd5 {[%clk 0:08:04]} 57. f4+ {[%clk 0:09:45]} Kf6 {[%clk 0:08:24]}
58. Kc4 {[%clk 0:09:16]} Ke6 {[%clk 0:08:00]} 59. Ra2 {[%clk 0:08:32]} Rc5+
{[%clk 0:08:13]} 60. Kd4 {[%clk 0:08:34]} Kd7 {[%clk 0:07:52]} 61. Rg2 {[%clk
0:07:04]} Rb5 {[%clk 0:07:50]} 62. Kc4 {[%clk 0:05:56]} Kc6 {[%clk 0:08:06]}
63. Kc3 {[%clk 0:04:27]} Rb4 {[%clk 0:08:18]} 64. Ra2 {[%clk 0:03:59]} Kb5
{[%clk 0:07:51]} 65. Rd2 {[%clk 0:03:32]} Rxf4 {[%clk 0:07:01]} 66. Rxd6 {[%clk
0:03:52]} Kc5 {[%clk 0:05:14]} 67. Ra6 {[%clk 0:02:45]} Kb5 {[%clk 0:05:34]}
68. Rd6 {[%clk 0:02:35]} Rf3+ {[%clk 0:03:04]} 69. Kc2 {[%clk 0:02:33]} Kc5
{[%clk 0:02:20]} 70. Ra6 {[%clk 0:02:42]} Kb5 {[%clk 0:02:43]} 71. Rd6 {[%clk
0:02:27]} a4 {[%clk 0:02:18]} 72. bxa4+ {[%clk 0:02:43]} Kxa4 {[%clk 0:02:44]}
73. Rd3 {[%clk 0:02:00]} Rxd3 1/2-1/2

[Event "DEM U18w 2022"]
[Site "Willingen GER"]
[Date "2022.06.08"]
[Round "6"]
[White "Basovskiy, Jana"]
[Black "Jacoby, Angelina"]
[Result "1-0"]
[Termination "normal"]
[Board "9"]
[WhiteElo "1938"]
[BlackElo "1535"]
[WhiteClock "00:31:43"]
[BlackClock "00:31:26"]
[PlyCount "61"]
[WhiteFideId "16208617"]
[BlackFideId "12999008"]
[EventCountry "GER"]
[EventRounds "9"]
[EventType "swiss"]
[EventDate "2022.06.04"]

1. e4 {[%clk 1:30:59]} d5 {[%clk 1:30:54]} 2. exd5 {[%clk 1:31:25]} Qxd5 {[%clk
1:31:19]} 3. Nc3 {[%clk 1:31:51]} Qd8 {[%clk 1:31:42]} 4. d4 {[%clk 1:32:12]}
Nf6 {[%clk 1:32:07]} 5. Nf3 {[%clk 1:32:37]} Bg4 {[%clk 1:32:34]} 6. h3 {[%clk
1:33:03]} Bxf3 {[%clk 1:32:58]} 7. Qxf3 {[%clk 1:33:29]} c6 {[%clk 1:33:23]} 8.
Be3 {[%clk 1:33:54]} e6 {[%clk 1:33:48]} 9. Bd3 {[%clk 1:34:08]} Nbd7 {[%clk
1:33:59]} 10. O-O-O {[%clk 1:34:31]} Bb4 {[%clk 1:34:20]} 11. Ne2 {[%clk
1:34:54]} O-O {[%clk 1:20:05]} 12. g4 {[%clk 1:31:25]} Qa5 {[%clk 1:10:30]} 13.
Kb1 {[%clk 1:31:34]} Bd6 {[%clk 0:59:16]} 14. g5 {[%clk 1:16:03]} Nd5 {[%clk
0:58:13]} 15. Qe4 {[%clk 1:16:13]} g6 {[%clk 0:58:07]} 16. Bd2 {[%clk 1:16:20]}
Qd8 {[%clk 0:52:41]} 17. h4 {[%clk 1:15:18]} Qe7 {[%clk 0:50:37]} 18. h5 {[%clk
1:13:59]} f5 {[%clk 0:49:04]} 19. gxf6 {[%clk 1:11:27]} N5xf6 {[%clk 0:39:00]}
20. Qg2 {[%clk 1:11:27]} g5 {[%clk 0:38:12]} 21. Qxg5+ {[%clk 1:10:36]} Qg7
{[%clk 0:37:09]} 22. Qh4 {[%clk 1:06:04]} Kf7 {[%clk 0:36:35]} 23. Rhg1 {[%clk
0:56:40]} Qh8 {[%clk 0:36:19]} 24. f4 {[%clk 0:54:29]} Ke7 {[%clk 0:36:07]} 25.
f5 {[%clk 0:52:39]} e5 {[%clk 0:33:26]} 26. Bc3 {[%clk 0:51:47]} Rg8 {[%clk
0:33:29]} 27. dxe5 {[%clk 0:51:50]} Bxe5 {[%clk 0:33:18]} 28. Bxe5 {[%clk
0:51:22]} Nxe5 {[%clk 0:33:42]} 29. Qb4+ {[%clk 0:51:44]} Kf7 {[%clk 0:32:05]}
30. Qxb7+ {[%clk 0:31:26]} Nfd7 {[%clk 0:31:26]} 31. Bc4+ {[%clk 0:31:43]} 1-0